Statistics for Квиз о Уругвају

Click here to take the quiz!

General Stats

  • This quiz has been taken 65 times
  • The average score is 12 of 16

Answer Stats

ОписОдговор% Correct
Државе са којима се граничиАргентина
100%
Државе са којима се граничиБразил
100%
Главни градМонтевидео
98%
Званичан језикШпански
98%
Национални мото УругвајаСлобода или {смрт}
95%
Спортско надметање које је Уругвај освојио 1930. и 1950.Светско првенство у фудбалу
93%
2013. Уругвај је постао прва држава у свету која је у потпуности легализовала ову дрогуМарихуану
90%
Предмет приказан на заставиМајско {Сунце}
89%
Државна валутаПезос
84%
Фудбалер чувен по томе што гризе друге фудбалереЛуис Суарез
66%
Плес који је настао у регији око естуара изнадТанго
56%
Естуар који настаје на месту где се река изнад улива у ПарануЛа {Плата}
43%
У Уругвају има 3.42 ове животиње по глави становника, што је највећи однос у светуКраве
43%
Река која формира западну границу УругвајаУругвај
36%
Плодна травната област у којој се Уругвај налазиПампа
34%
Од 1860. до 1914, стигло је више од 200,000 миграната из ове државеИталије
31%

Score Distribution

Percentile by Number Answered

Percent of People with Each Score

Your Score History

You have not taken this quiz